|
|
|
|
| LEADER |
00000nab#a22000007a#4500 |
| 001 |
arbauad029559 |
| 003 |
AR-BaUAD |
| 005 |
20250711112406.0 |
| 008 |
971110|||||||||###||||||b###|0###a|spa|| |
| 040 |
|
|
|a AR-BaUAD
|c AR-BaUAD
|b spa
|
| 245 |
1 |
0 |
|a Part 2 of Animation Magazine's Guide to Top Commercial Houses
|
| 300 |
0 |
|
|b fot., il.
|
| 653 |
|
|
|a ANIMACION
|
| 653 |
|
|
|a ESTUDIOS PROFESIONALES
|
| 653 |
|
|
|a CINE PUBLICITARIO
|
| 653 |
|
|
|a DIRECTORES DE ANIMACION
|
| 653 |
|
|
|a MELENDEZ, BILL
|
| 653 |
|
|
|a CHARACTER BUILDERS
|
| 653 |
|
|
|a CLICK 3X
|
| 653 |
|
|
|a COLOSSAL PICTURES
|
| 653 |
|
|
|a DELANEY AND FRIENDS
|
| 653 |
|
|
|a ESSENTIAL PICTURES
|
| 653 |
|
|
|a HEART OF TEXAS PRODUCTIONS
|
| 653 |
|
|
|a FABLEVISION
|
| 653 |
|
|
|a ESSENTIAL PICTURES
|
| 653 |
|
|
|a DIGITAL DOMAIN
|
| 653 |
|
|
|a LOOSE MOOSE
|
| 653 |
|
|
|a METROLIGHT STUDIOS, INC.
|
| 653 |
|
|
|a NAPOLEON ART STUDIO
|
| 653 |
|
|
|a PLAYHOUSE PICTURES
|
| 653 |
|
|
|a REELWORKS ANIMATION STUDIO
|
| 653 |
|
|
|a SAN MARCO FILMS
|
| 653 |
|
|
|a STARTOONS
|
| 653 |
|
|
|a SIX FOOT TWO PRODUCTIONS
|
| 653 |
|
|
|a WARNER BROS CLASSIC ANIMATION
|
| 773 |
0 |
|
|t ANIMATION MAGAZINE
|g no. 61 [nov. 1997], p. 14-15
|
| 942 |
|
|
|c ARTI
|
| 952 |
|
|
|0 0
|1 0
|4 0
|7 0
|9 74478
|a AR-BAuAD
|b AR-BAuAD
|d 2025-07-11
|l 0
|p AAQA029559
|r 2025-07-11 11:24:06
|w 2025-07-11
|y ARTI
|
| 990 |
|
|
|a C199
|b TD
|
| 998 |
|
|
|a AAQ
|b BIBUN76
|
| 999 |
|
|
|c 54151
|d 54151
|